| 000 | 00429cam a2200181 4500 | ||
|---|---|---|---|
| 001 | D2381 | ||
| 008 | 090401t1980 xxu||||| |||| 00| 0 eng d | ||
| 035 | _a(Sirsi) u68850 | ||
| 041 | _aeng | ||
| 050 | _a720.28 | ||
| 100 | _aChitham, Robert | ||
| 245 | _aMeasured drawing for architects | ||
| 260 |
_aLondon _bArchitectural Press _c1980 |
||
| 300 | _aviii. 119p. 30cm | ||
| 350 | _a5.95 | ||
| 942 | _n0 | ||
| 948 | _c04/03/1997 | ||
| 999 |
_c95139 _d95139 |
||